01113nam a2200205 a 4500008004100000050001500041100002100056245007900077260002400156300001500180350000900195650003400204650001300238650002300251995017300274995017300447999001700620952013500637952013500772070717s2005 ||||||||||||||||| || u aUNESCO(02) aN'Namdi, Kemba A10aGuide to teaching reading at the primary school levelcby Kemba A. N'Namdi aParisbUNESCOc2005 a85p.: ill. a0.00 aCHILDREN -- BOOKS AND READING aLITERACY aEDUCATION, PRIMARY aSPECIAL COLLECTIONSD0.00eUNESCO(02)2005/ 2AFCBU-MAIN LIBRARY (Kitwe)H1I0.00jUNESCO(02)2005/ 2AM1UAVAILABLEWJul 17, 2007y03002213ZInternational Publications aSPECIAL COLLECTIONSD0.00eUNESCO(02)2005/ 2BFCBU-MAIN LIBRARY (Kitwe)H1I0.00jUNESCO(02)2005/ 2BM2UAVAILABLEWJul 17, 2007y03002214ZInternational Publications c76059d76059 00102lcc4070a001b001cInternational Publicationsd2023-04-25l0oUNESCO(02)2005/ 2Ap03002213r2023-04-25t1w2023-04-25y023 00102lcc4070a001b001cInternational Publicationsd2023-04-25l0oUNESCO(02)2005/ 2Bp03002214r2023-04-25t2w2023-04-25y023